00508nam a22001337a 4500008004100000040005500041080002200096245014800118260004100266300001000307650001200317653002000329700002500349230221b |||||||| |||| 00| 0 eng d aNational Science LibrarycNational Science Library a628.29(082.2)bL5 aDischarge of sewage from sea outfalls c/ Proceedings of an international symposium held at Church House , London 27 August to 2 September 1974 aOxford: bPergamon Press, c1974 a455p. aScience aWater pollution aGameson, A L H (Ed.)